[Event "NCA-chT final"]
[Site "Managua"]
[Date "2021.11.14"]
[Round "11.1"]
[White "Rios, Edgard"]
[Black "Davila, Carlos"]
[Result "1/2-1/2"]
[WhiteElo "1754"]
[BlackElo "2193"]
[PlyCount "22"]
[EventDate "2021.10.16"]
[EventType "team-tourn"]
[EventRounds "11"]
[EventCountry "NCA"]
[SourceTitle "EXT 2023"]
[Source "ChessBase"]
[SourceDate "2022.10.05"]
[SourceVersion "1"]
[SourceVersionDate "2022.10.05"]
[SourceQuality "1"]
[WhiteTeam "Surnrise CC"]
[BlackTeam "Clemente Guido"]
[WhiteTeamCountry "NCA"]
[BlackTeamCountry "NCA"]

1. d4 Nf6 2. Bf4 g6 3. Nc3 d6 4. e4 a6 5. Qd2 b5 6. f3 Bb7 7. Bh6 Nbd7 8. 0-0-0 c5 9. Bxf8 Rxf8 10. h4 Qa5 11. Kb1 0-0-0 1/2-1/2

[Event "NCA-chT final"]
[Site "Managua"]
[Date "2021.10.30"]
[Round "7.2"]
[White "Granados Ortiz, Maria Jose"]
[Black "Rios, Edgard"]
[Result "1/2-1/2"]
[WhiteElo "1698"]
[BlackElo "1754"]
[PlyCount "109"]
[EventDate "2021.10.16"]
[EventType "team-tourn"]
[EventRounds "11"]
[EventCountry "NCA"]
[SourceTitle "EXT 2023"]
[Source "ChessBase"]
[SourceDate "2022.10.05"]
[SourceVersion "1"]
[SourceVersionDate "2022.10.05"]
[SourceQuality "1"]
[WhiteTeam "Universidad de Ingenieria (W)"]
[BlackTeam "Surnrise CC"]
[WhiteTeamCountry "NCA"]
[BlackTeamCountry "NCA"]

1. e4 e5 2. Nf3 Nc6 3. Bb5 a6 4. Ba4 Nf6 5. 0-0 d6 6. h3 g6 7. d3 Bg7 8. c3 b5 9. Bc2 0-0 10. Be3 d5 11. exd5 Nxd5 12. Bg5 Qd6 13. Nbd2 f5 14. a4 Be6 15. Re1 h6 16. Bh4 Nf4 17. Bg3 Rad8 18. Bxf4 exf4 19. Rxe6 Qxe6 20. Bb3 Rd5 21. Qe1 Qf7 22. axb5 axb5 23. d4 Kh8 24. Qe2 Qd7 25. Bxd5 Qxd5 26. Nh4 Kh7 27. Re1 b4 28. Qe6 Qxe6 29. Rxe6 Rf6 30. Rxf6 Bxf6 31. Nhf3 bxc3 32. bxc3 g5 33. Kf1 g4 34. Ng1 h5 35. Ne2 Bg5 36. Nc4 Kg7 37. Na3 Na5 38. d5 c5 39. dxc6 Nxc6 40. Nb5 Kf6 41. Nbd4 Ne5 42. Nb5 Nc4 43. Ned4 h4 44. f3 Ne3+ 45. Kf2 g3+ 46. Kg1 Ke5 47. Na3 Kd5 48. Nac2 Kc4 49. Ne6 Bh6 50. Ncd4 Kxc3 51. Ne2+ Kd2 52. N2xf4 Ke1 53. Ng6 Nd1 54. f4 Nc3 55. Nxh4 1/2-1/2

[Event "Managua Gomez Argenal Memorial"]
[Site "Managua"]
[Date "2021.06.13"]
[Round "7"]
[White "Rios, Edgard"]
[Black "Avalos, Carlos"]
[Result "1-0"]
[WhiteElo "1738"]
[BlackElo "1844"]
[PlyCount "69"]
[EventDate "2021.05.29"]
[EventType "swiss"]
[EventRounds "9"]
[EventCountry "NCA"]
[SourceTitle "EXT 2022"]
[Source "ChessBase"]
[SourceDate "2021.10.06"]
[SourceVersion "1"]
[SourceVersionDate "2021.10.06"]
[SourceQuality "1"]

1. d4 d6 2. Bf4 Nd7 3. Nf3 g6 4. Nc3 Bh6 5. Bxh6 Nxh6 6. Qd2 Ng4 7. h3 Ngf6 8. e4 e5 9. dxe5 dxe5 10. 0-0-0 Qe7 11. Bc4 c6 12. Bb3 h6 13. a3 g5 14. Qe3 b6 15. Rd2 Bb7 16. Rhd1 0-0-0 17. Ba2 Nc5 18. Rxd8+ Rxd8 19. Rxd8+ Kxd8 20. Ne2 Nfd7 21. Nd2 Ne6 22. Ng3 Nf4 23. Nf5 Qf6 24. g4 Bc8 25. Nc4 Ne6 26. Ncd6 Ba6 27. Nxh6 Qf4 28. Ndxf7+ Ke7 29. Bxe6 Qxe3+ 30. fxe3 Kxe6 31. Nd8+ Kd6 32. Nf5+ Kc7 33. Ne6+ Kc8 34. Nd6+ Kb8 35. Nxg5 1-0

[Event "Managua Hurtado Memorial 20th"]
[Site "Managua"]
[Date "2020.12.30"]
[Round "8"]
[White "Davila, Carlos"]
[Black "Rios, Edgard"]
[Result "1-0"]
[WhiteElo "2201"]
[BlackElo "1784"]
[PlyCount "117"]
[EventDate "2020.12.26"]
[EventType "swiss"]
[EventRounds "9"]
[EventCountry "NCA"]
[SourceTitle "CBM 200 Extra"]
[Source "ChessBase"]
[SourceDate "2021.03.31"]
[SourceVersion "1"]
[SourceVersionDate "2021.03.31"]
[SourceQuality "1"]

1. e4 c5 2. Nf3 e6 3. c4 Qc7 4. Nc3 a6 5. Bd3 Nc6 6. 0-0 g6 7. b3 Bg7 8. Bb2 Nf6 9. Nd5 exd5 10. exd5 0-0 11. dxc6 Qxc6 12. Re1 d6 13. h3 Bd7 14. Bf1 Rae8 15. Rxe8 Rxe8 16. d4 Qc7 17. Qc2 Bf5 18. Bd3 Bxd3 19. Qxd3 Qc6 20. dxc5 dxc5 21. Rd1 Ne4 22. Bxg7 Kxg7 23. Qd7 Re6 24. Qxc6 Rxc6 25. Rd7 b6 26. Ne5 Rf6 27. f3 Nd6 28. Ra7 a5 29. Nd7 Nc8 30. Rc7 Rd6 31. Ne5 Rd1+ 32. Kh2 Nd6 33. Rd7 Rd4 34. f4 Kf6 35. Nf3 Ke6 36. Rc7 Rxf4 37. Rc6 f6 38. Rxb6 h5 39. Rc6 a4 40. Rxc5 axb3 41. axb3 g5 42. Rc6 Kd7 43. Ra6 g4 44. hxg4 hxg4 45. Kg3 Re4 46. Nh4 f5 47. c5 Re3+ 48. Kf2 f4 49. Rxd6+ Kc7 50. b4 g3+ 51. Kf1 Rb3 52. Rd4 Rb1+ 53. Ke2 Rb2+ 54. Kf3 Rf2+ 55. Kg4 Kc6 56. Rxf4 Rb2 57. Kxg3 Kb5 58. Nf3 Rb3 59. Kh4 1-0

[Event "NCA-chT Final"]
[Site "Managua"]
[Date "2020.10.25"]
[Round "2.4"]
[White "Allen Montes, Charles Mijail"]
[Black "Rios, Edgard"]
[Result "0-1"]
[WhiteElo "1439"]
[BlackElo "1734"]
[PlyCount "115"]
[EventDate "2020.10.24"]
[EventType "team-tourn"]
[EventRounds "11"]
[EventCountry "NCA"]
[SourceTitle "EXT 2022"]
[Source "ChessBase"]
[SourceDate "2021.10.06"]
[SourceVersion "1"]
[SourceVersionDate "2021.10.06"]
[SourceQuality "1"]

1. e4 e5 2. Nf3 Nc6 3. Bc4 Bc5 4. c3 d6 5. 0-0 Nf6 6. Re1 0-0 7. d3 h6 8. a4 a5 9. Bb3 Bg4 10. Nbd2 Qe7 11. Nf1 Be6 12. Bc2 Rad8 13. Ne3 Bb6 14. d4 exd4 15. cxd4 d5 16. e5 Ng4 17. Qd3 g6 18. Nxg4 Bxg4 19. Bxh6 Nb4 20. Bg5 Qxg5 21. Nxg5 Nxd3 22. Bxd3 Bxd4 23. h3 Be6 24. Rab1 c5 25. Nf3 c4 26. Bxg6 Bxf2+ 27. Kxf2 fxg6 28. Kg3 d4 29. Ng5 Bd5 30. e6 Rfe8 31. Re5 Re7 32. Rd1 Bc6 33. Rxa5 d3 34. Rd2 Rd5 35. Ra8+ Kg7 36. h4 Re5 37. Rf2 Rf5 38. Rd2 Bd5 39. Rc8 Bc6 40. Ra8 Re8 41. Ra7 Re7 42. a5 Kf6 43. b4 Bb5 44. Ra8 Ke5 45. Rg8 Kd4 46. Rd8+ Kc3 47. Ne4+ Kxb4 48. Rb2+ Kxa5 49. Rd2 Rxe6 50. Nc3 Bc6 51. Rd4 Kb4 52. Ne4 Rxe4 53. Rxe4 Bxe4 54. Rd1 c3 55. Re1 Bc6 56. Rb1+ Kc4 57. Rd1 d2 58. Kh2 0-1

[Event "NCA-ch Fiestas Patrias op"]
[Site "Managua"]
[Date "2020.09.06"]
[Round "9"]
[White "Sanchez Cuadra, Fernando"]
[Black "Rios, Edgard"]
[Result "1/2-1/2"]
[WhiteElo "1751"]
[BlackElo "1755"]
[PlyCount "61"]
[EventDate "2020.08.29"]
[EventType "swiss"]
[EventRounds "9"]
[EventCountry "NCA"]
[SourceTitle "EXT 2022"]
[Source "ChessBase"]
[SourceDate "2021.10.06"]
[SourceVersion "1"]
[SourceVersionDate "2021.10.06"]
[SourceQuality "1"]

1. Nf3 Nf6 2. b3 e6 3. Bb2 c5 4. e3 a6 5. g3 d5 6. Bg2 Nc6 7. 0-0 Be7 8. d3 Qc7 9. Nbd2 b5 10. c4 Bb7 11. Rc1 0-0 12. cxd5 exd5 13. Bxf6 Bxf6 14. Rxc5 Qd6 15. d4 Rac8 16. Qb1 Qe6 17. Rfc1 Be7 18. R5c3 h6 19. e4 dxe4 20. Nxe4 Bb4 21. Re3 Qg6 22. Nh4 Qh7 23. Bh3 f5 24. Nc5 Bxc5 25. dxc5 Nd4 26. Qb2 Rcd8 27. Re7 Rf7 28. Rce1 g5 29. Re8+ Rf8 30. R8e7 Rf7 31. Re8+ 1/2-1/2

[Event "Managua Ramirez de Arellano Memorial"]
[Site "Managua"]
[Date "2020.07.12"]
[Round "3"]
[White "Vanegas Lopez, Natanael Emanuel"]
[Black "Rios, Edgard"]
[Result "1/2-1/2"]
[WhiteElo "1429"]
[BlackElo "1813"]
[PlyCount "54"]
[EventDate "2020.07.11"]
[EventType "swiss"]
[EventRounds "9"]
[EventCountry "NCA"]
[SourceTitle "EXT 2021"]
[Source "ChessBase"]
[SourceDate "2020.10.23"]
[SourceVersion "1"]
[SourceVersionDate "2020.10.23"]
[SourceQuality "1"]

1. d4 Nf6 2. c4 e6 3. Nc3 Bb4 4. Qc2 c5 5. dxc5 Nc6 6. a3 Bxc5 7. Nf3 a5 8. Bf4 d6 9. e3 h6 10. h3 0-0 11. Be2 Qe7 12. 0-0 b6 13. Rfd1 Bb7 14. Nd2 Nd7 15. Nde4 Nce5 16. Nxc5 Nxc5 17. Bxe5 dxe5 18. b4 axb4 19. axb4 Na6 20. b5 Nc5 21. Rxa8 Rxa8 22. Qd2 Qg5 23. Bf1 Bf3 24. Rb1 Rd8 25. Qa2 Ra8 26. Qd2 Rd8 27. Qa2 Ra8 1/2-1/2

[Event "Managua Hurtado Memorial 19th"]
[Site "Managua"]
[Date "2019.12.28"]
[Round "5"]
[White "Rios, Edgard"]
[Black "Morales Castillo, Angel"]
[Result "1-0"]
[WhiteElo "1808"]
[BlackElo "1327"]
[PlyCount "21"]
[EventDate "2019.12.26"]
[EventType "swiss"]
[EventRounds "9"]
[EventCountry "NCA"]
[SourceTitle "CBM 195 Extra"]
[Source "ChessBase"]
[SourceDate "2020.05.31"]
[SourceVersion "1"]
[SourceVersionDate "2020.05.31"]
[SourceQuality "1"]

1. d4 d5 2. c3 Nd7 3. Nf3 h6 4. Bf4 b6 5. e3 Bb7 6. Nbd2 Ngf6 7. h3 e6 8. Bd3 c5 9. Ne5 Bd6 10. Nxf7 Kxf7 11. Bxd6 1-0